| 000 | 00462nam a22001937a 4500 | ||
|---|---|---|---|
| 003 | bpm | ||
| 005 | 20260407090316.0 | ||
| 008 | 260407b |||||||| |||| 000 p spa d | ||
| 024 | _aS. C. C. / M. C. y E. M.: | ||
| 040 | _aAR-CtUCP | ||
| 041 | _aspa | ||
| 080 | _aCDU | ||
| 100 | _aKraft Graciela | ||
| 245 | _aVerticales del sol | ||
| 260 |
_aResistencia _bLibrería de la Paz _c2008 |
||
| 650 | _aLiteratura - Poesía | ||
| 942 | _cLIB | ||
| 999 |
_c76603 _d76603 |
||